|
|
|
|
| LEADER |
00000nab a2200000 a 4500 |
| 001 |
vtls008888334 |
| 003 |
SK-MaSNL |
| 005 |
20260304143717.0 |
| 008 |
250505c2001 xo mr|p|||||||000 b|slo |
| 015 |
|
|
|a SNBRB2006/12
|
| 035 |
|
|
|a (uuid)ed935b76-11ee-4467-9d7a-41a99f812f78
|
| 035 |
|
|
|a urn:nbn:sk:snk-ab2zkf
|
| 035 |
|
|
|a (urnnbn)urn:nbn:sk:snk:ar-a049qo
|
| 038 |
|
|
|a SNKBUCL
|
| 040 |
|
|
|a SNKBUCL
|b slo
|c SNKBUCL
|e AACR2
|
| 041 |
0 |
|
|a slo
|
| 044 |
|
|
|a xo
|c SK
|
| 080 |
|
|
|a 347.735
|2 1997
|
| 080 |
|
|
|a 347.27
|2 1997
|
| 080 |
|
|
|a 347.466
|2 1997
|
| 100 |
1 |
|
|a Balko, Ladislav,
|d 1954-
|4 aut
|9 205302
|
| 245 |
1 |
0 |
|a Hypotekárny úver
|c Ladislav Balko
|
| 650 |
0 |
7 |
|a hypotekárne úvery
|2 snkbucl
|9 29300
|
| 773 |
0 |
|
|t Obchodné právo
|g Roč. II., č. 4 (2001), s. 19-23
|x 1335-6674
|
| 850 |
|
|
|a Slovenská národná knižnica
|
| 852 |
|
|
|a Slovenská národná knižnica
|
| 954 |
|
|
|a odborná, vedecká literatúra pôvodná (slovenská)
|2 lita
|
| 958 |
|
|
|a article2022
|
| 958 |
|
|
|a SK
|
| 958 |
|
|
|a OND
|
| 958 |
|
|
|a EUIPO
|
| 999 |
|
|
|c 2927113
|d 2929043
|